Gminy w Powiatach na literę M - Statystyki

Ogólne statystyki
  • Ten quiz został rozwiązany 23 razy
  • Średni wynik to 27 z 105
Statystyki odpowiedzi
powiaty gminy % Poprawnych
malborski Malbork
89%
mielecki Mielec
89%
mławski Mława
89%
makowski Maków Mazowiecki
84%
miński Mińsk Mazowiecki
84%
mrągowski Mrągowo
84%
miechowski Miechów
79%
międzychodzki Międzychód
79%
myślenicki Myślenice
79%
międzyrzecki Międzyrzecz
74%
myszkowski Myszków
74%
mikołowski Mikołów
68%
milicki Milicz
68%
mogileński Mogilno
68%
moniecki Mońki
63%
Myślibórz
63%
Mikołajki
58%
Pcim
42%
Sulejówek
37%
Dobczyce
32%
Halinów
32%
Kałuszyn
32%
Koziegłowy
32%
Nowy Staw
32%
Orzesze
32%
Strzegowo
32%
Cegłów
26%
Dębno
26%
Dobre
26%
Książ Wielki
26%
Lubień
26%
Mrozy
26%
Skwierzyna
26%
Stanisławów
26%
Stare Pole
26%
Strzelno
26%
Sułkowice
26%
Bledzew
21%
Dąbrowa
21%
Jeziora Wielkie
21%
Kozłów
21%
Przytoczna
21%
Pszczew
21%
Siepraw
21%
Sieraków
21%
Żarki
21%
myśliborski Barlinek
16%
Boleszkowice
16%
Charsznica
16%
Goniądz
16%
Jakubów
16%
Krośnice
16%
Kwilcz
16%
Latowicz
16%
Łaziska Górne
16%
Nowogródek Pomorski
16%
Piecki
16%
Przecław
16%
Racławice
16%
Radomyśl Wielki
16%
Siennica
16%
Szelków
16%
Tokarnia
16%
Wiśniowa
16%
Borowa
11%
Chrzypsko Wielkie
11%
Cieszków
11%
Dębe Wielkie
11%
Gawłuszowice
11%
Jasionówka
11%
Jaświły
11%
Karniewo
11%
Knyszyn
11%
Krypno
11%
Lipowiec Kościelny
11%
Młynarze
11%
Niegowa
11%
Ornontowice
11%
Padew Narodowa
11%
Poraj
11%
Różan
11%
Sorkwity
11%
Sypniewo
11%
Trzcianne
11%
Trzciel
11%
Tuszów Narodowy
11%
Wadowice Górne
11%
Wieczfnia Kościelna
11%
Wiśniewo
11%
Czermin
5%
Czerwonka
5%
Gołcza
5%
Krasnosielc
5%
Miłoradz
5%
Płoniawy-Bramura
5%
Rzewnie
5%
Słaboszów
5%
Stupsk
5%
Szydłowo
5%
Wyry
5%
Dzierzgowo
0%
Lichnowy
0%
Radzanów
0%
Radziechowice
0%
Szreńsk
0%
Nie znaleziono quizów pasujących do podanych kryteriów
Rozkład punktacji
Procent ludzi z każdym wynikiem
Percentyl według liczby udzielonych odpowiedzi
Twoja historia wyników
Nie rozwiązałeś tego quizu